000
00304nam a2200109Ia 4500
008
220204s9999 xx 000 0 und d
082
_a
658.567(035)
_b
STE
100
_a
Stevens, Barbara J
245
0
_a
Handbook of municipal waste management systems
260
_a
New York
_b
Van Nostrand
_c
1980
942
_c
BK
999
_c
35566
_d
35566